000
00246nam a22001217a 4500
008
170714b xxu||||| |||| 00| 0 eng d
041
_a
eng
080
_a
17
100
_a
23
101
_a
FIL
245
_a
HOLY BIBLE
_c
JAME.K
942
_2
udc
_c
BK
999
_c
20733
_d
20733